000 01329nam a2200253Ia 4500
003 Ost
005 20260507075411.0
008 260507s9999||||xx |||||||||||||| ||und||
020 _a8127410977
040 _cfsecg
041 _aara
082 _a330
100 _aياسين، منال محمد كامل
_eمؤلف
245 0 _aفي الثقافة الإقتصادية للمعلم :
_bأسس نظرية- نماذج تدريبية- تطبيقات عالمية /
_c منال محمد كامل ياسين
260 _aالقاهرة:
_bالمكتبة العصرية للنشر والتوزيع,
_c2009
300 _a283 صفحة؛
_bإيضاحات ؛
_c25 سم
504 _aالمراجع ص.228
520 _aيضم اتفاقيات الجات ومنظمة التجارة العالمية، التكتلات الإقتصادية العالمية والتكامل الإقتصادي العربي، التجارة الإلكترونية، الإيزو وإدارة الجودة الشاملة، بورصة الاوراق المالية، البنوك، دليل المعلم
653 _aالتعليم- اقتصاديات
653 _aالتنمية الإقتصادية
653 _aالثقافة- اقتصاد
700 _aمحمد، مصطفى عبد السميع
_eمؤلف ثانوي
942 _cكتاب
999 _c44401
_d44401